Human Resource Management: (Record no. 191370)

MARC details
000 -LEADER
fixed length control field 00608nam a22001817a 4500
005 - DATE AND TIME OF LATEST TRANSACTION
control field 20220825112816.0
010 ## - LCCN (DPL NO)
LC control number ENG-134664
020 ## - INTERNATIONAL STANDARD BOOK NUMBER
Terms of availability 280.00
International Standard Book Number 9789367871489
035 ## - SYSTEM CONTROL NUMBER
System control number EN-118196
037 ## - SOURCE OF ACQUISITION
Source of stock number/acquisition DBAD/PUB
082 ## - DEWEY DECIMAL CLASSIFICATION NUMBER
Classification number 658.3
100 ## - MAIN ENTRY--PERSONAL NAME
Personal name Antony, Bindu
245 ## - TITLE STATEMENT
Title Human Resource Management:
Remainder of title Job attitudes and performance of Nurses/
Statement of responsibility, etc Bindu Antony
260 ## - PUBLICATION, DISTRIBUTION, ETC. (IMPRINT)
Place of publication, distribution, etc Madurai
Name of publisher, distributor, etc SHANLAX PUBLICATIONS
Date of publication, distribution, etc 2018
270 ## - ADDRESS
Address 61,66 T.P.K. Main Road
City Vasantha Nagar
Postal code 625003
Telephone number 0452-4208765
Electronic mail address publisher@shanlaxpublications.com
300 ## - PHYSICAL DESCRIPTION
Extent 235p.
Dimensions 22cm(pbk)
942 ## - ADDED ENTRY ELEMENTS (KOHA)
Source of classification or shelving scheme Dewey Decimal Classification
Item type English Books
Classification part 658.3
Call number suffix ANT
Holdings
Withdrawn status Lost status Not for loan Collection code Home library Current library Date acquired Source of acquisition Cost, normal purchase price Full call number Barcode Copy number Cost, replacement price Koha item type
      Non-fiction Ashok Vihar Ashok Vihar 25/08/2022 DBAD/PUB 280.00 658.3 ANT EN-118196 1 280.00 English Books

© Delhi Public Library
Hit Counter
free hit counter